[Event "April 9 Late 2024"]
[Site "Chess.com"]
[Date "2024.04.09"]
[Round "4"]
[White "Glidzhain, Gor"]
[Black "Gavrilescu, David"]
[Result "1-0"]
[Board "48"]
[WhiteFideId "24109932"]
[BlackFideId "1227190"]
[WhiteTitle "FM"]
[BlackTitle "GM"]
[WhiteElo "2568"]
[BlackElo "2818"]
[WhiteTeam "RUS"]
[BlackTeam "ROU"]
[WhiteClock "0:00:17"]
[BlackClock "0:00:56"]
[Variant "Standard"]

1. e4 {[%clk 0:02:55]}  c5 {[%clk 0:02:59]} 2. d4 {[%clk 0:02:55]}  cxd4 {[%clk 0:02:58]} 3. c3 {[%clk 0:02:56]}  dxc3 {[%clk 0:02:59]} 4. Nxc3 {[%clk 0:02:56]}  e6 {[%clk 0:02:59]} 5. Bc4 {[%clk 0:02:56]}  a6 {[%clk 0:03:00]} 6. Nf3 {[%clk 0:02:57]}  Nc6 {[%clk 0:03:00]} 7. O-O {[%clk 0:02:55]}  Nge7 {[%clk 0:03:01]} 8. Bg5 {[%clk 0:02:54]}  h6 {[%clk 0:03:01]} 9. Bh4 {[%clk 0:02:55]}  g5 {[%clk 0:03:01]} 10. Bg3 {[%clk 0:02:55]}  Ng6 {[%clk 0:03:01]} 11. e5 {[%clk 0:02:52]}  h5 {[%clk 0:03:00]} 12. Ne4 {[%clk 0:02:47]}  h4 {[%clk 0:02:58]} 13. Nf6+ {[%clk 0:02:46]}  Qxf6 {[%clk 0:02:56]} 14. exf6 {[%clk 0:02:46]}  hxg3 {[%clk 0:02:57]} 15. hxg3 {[%clk 0:02:46]}  g4 {[%clk 0:02:55]} 16. Ng5 {[%clk 0:02:41]}  Nge5 {[%clk 0:02:51]} 17. Bb3 {[%clk 0:02:37]}  Rh5 {[%clk 0:02:43]} 18. Ne4 {[%clk 0:02:34]}  d5 {[%clk 0:02:43]} 19. Nc3 {[%clk 0:02:23]}  Bd7 {[%clk 0:02:43]} 20. Na4 {[%clk 0:02:11]}  Bd6 {[%clk 0:02:24]} 21. Nb6 {[%clk 0:02:03]}  Rb8 {[%clk 0:02:24]} 22. Rc1 {[%clk 0:02:01]}  Kd8 {[%clk 0:02:21]} 23. f4 {[%clk 0:01:59]}  gxf3 {[%clk 0:02:17]} 24. gxf3 {[%clk 0:01:58]}  Kc7 {[%clk 0:02:15]} 25. f4 {[%clk 0:01:35]}  Rbh8 {[%clk 0:02:14]} 26. fxe5 {[%clk 0:01:26]}  Bxe5 {[%clk 0:02:15]} 27. Nxd7 {[%clk 0:01:11]}  Kxd7 {[%clk 0:02:15]} 28. Kf2 {[%clk 0:00:38]}  Rh2+ {[%clk 0:02:11]} 29. Ke3 {[%clk 0:00:38]}  R8h3 {[%clk 0:01:49]} 30. Rf3 {[%clk 0:00:35]}  Bc7 {[%clk 0:01:27]} 31. Bxd5 {[%clk 0:00:34]}  Bb6+ {[%clk 0:01:26]} 32. Ke4 {[%clk 0:00:30]}  exd5+ {[%clk 0:01:18]} 33. Qxd5+ {[%clk 0:00:31]}  Kc7 {[%clk 0:01:18]} 34. Rxc6+ {[%clk 0:00:27]}  bxc6 {[%clk 0:01:18]} 35. Qxf7+ {[%clk 0:00:28]}  Kb8 {[%clk 0:01:18]} 36. Qg8+ {[%clk 0:00:25]}  Kb7 {[%clk 0:01:17]} 37. f7 {[%clk 0:00:24]}  Re2+ {[%clk 0:01:16]} 38. Kd3 {[%clk 0:00:22]}  Rhh2 {[%clk 0:01:16]} 39. f8=Q {[%clk 0:00:20]}  Rd2+ {[%clk 0:01:16]} 40. Ke4 {[%clk 0:00:21]}  Rd4+ {[%clk 0:01:14]} 41. Kf5 {[%clk 0:00:20]}  Rh5+ {[%clk 0:01:13]} 42. Kg6 {[%clk 0:00:20]}  Rg4+ {[%clk 0:00:56]} 43. Kxh5 {[%clk 0:00:20]}  Rxg8 {[%clk 0:00:57]} 44. Rf7+ {[%clk 0:00:18]}  Bc7 {[%clk 0:00:54]} 45. Qxg8 {[%clk 0:00:18]}  Kb6 {[%clk 0:00:54]} 46. Qg7 {[%clk 0:00:17]}  Bd6 {[%clk 0:00:54]} 47. Rb7+ {[%clk 0:00:18]}  Kc5 {[%clk 0:00:54]} 48. Qc3+ {[%clk 0:00:16]}  Kd5 {[%clk 0:00:54]} 49. Rd7 {[%clk 0:00:16]}  Ke6 {[%clk 0:00:54]} 50. Qxc6 {[%clk 0:00:16]}  Kf5 {[%clk 0:00:53]} 51. Qxd6 {[%clk 0:00:15]}  a5 {[%clk 0:00:54]} 52. Qf4+ {[%clk 0:00:15]}  Ke6 {[%clk 0:00:54]} 53. Rd6+ {[%clk 0:00:16]}  Ke7 {[%clk 0:00:55]} 54. Qf6+ {[%clk 0:00:16]}  Ke8 {[%clk 0:00:56]} 55. Rd8# {[%clk 0:00:17]} 1-0

[Event "April 9 Late 2024"]
[Site "Chess.com"]
[Date "2024.04.09"]
[Round "4"]
[White "Ruperez Benito, Antonio"]
[Black "Sahakyan, Aleks"]
[Result "0-1"]
[Board "49"]
[WhiteFideId "22245049"]
[BlackFideId "13316338"]
[WhiteTitle "FM"]
[BlackTitle "FM"]
[WhiteElo "2568"]
[BlackElo "2810"]
[WhiteTeam "ESP"]
[BlackTeam "ARM"]
[WhiteClock "0:00:04"]
[BlackClock "0:00:34"]
[Variant "Standard"]

1. e4 {[%clk 0:03:00]}  c5 {[%clk 0:02:56]} 2. Nf3 {[%clk 0:02:57]}  d6 {[%clk 0:02:57]} 3. Bb5+ {[%clk 0:02:56]}  Nc6 {[%clk 0:02:56]} 4. O-O {[%clk 0:02:56]}  a6 {[%clk 0:02:56]} 5. Bc4 {[%clk 0:02:43]}  Nf6 {[%clk 0:02:53]} 6. Re1 {[%clk 0:02:43]}  b5 {[%clk 0:02:52]} 7. Bf1 {[%clk 0:02:43]}  e6 {[%clk 0:02:48]} 8. c3 {[%clk 0:02:43]}  c4 {[%clk 0:02:47]} 9. b3 {[%clk 0:02:40]}  cxb3 {[%clk 0:02:35]} 10. axb3 {[%clk 0:02:40]}  Bb7 {[%clk 0:02:36]} 11. d4 {[%clk 0:02:40]}  Be7 {[%clk 0:02:36]} 12. Bd3 {[%clk 0:02:40]}  e5 {[%clk 0:02:33]} 13. Bb2 {[%clk 0:02:39]}  O-O {[%clk 0:02:32]} 14. Nbd2 {[%clk 0:02:37]}  Re8 {[%clk 0:02:32]} 15. b4 {[%clk 0:02:33]}  Bf8 {[%clk 0:02:30]} 16. Qb3 {[%clk 0:02:32]}  h6 {[%clk 0:02:26]} 17. Nf1 {[%clk 0:02:27]}  Qb6 {[%clk 0:02:23]} 18. Ng3 {[%clk 0:02:24]}  Bc8 {[%clk 0:02:22]} 19. h3 {[%clk 0:02:20]}  g6 {[%clk 0:02:17]} 20. Rad1 {[%clk 0:02:13]}  Ra7 {[%clk 0:02:12]} 21. Bc1 {[%clk 0:02:07]}  Rc7 {[%clk 0:01:41]} 22. Be3 {[%clk 0:01:57]}  Qb7 {[%clk 0:01:40]} 23. d5 {[%clk 0:01:32]}  Nb8 {[%clk 0:01:38]} 24. Nd2 {[%clk 0:01:28]}  Nbd7 {[%clk 0:01:29]} 25. c4 {[%clk 0:01:28]}  bxc4 {[%clk 0:01:29]} 26. Nxc4 {[%clk 0:01:29]}  Nc5 {[%clk 0:01:30]} 27. Qa3 {[%clk 0:00:19]}  Nxd3 {[%clk 0:01:28]} 28. Qxd3 {[%clk 0:00:20]}  Qxb4 {[%clk 0:01:28]} 29. Nb6 {[%clk 0:00:18]}  h5 {[%clk 0:01:06]} 30. Rb1 {[%clk 0:00:17]}  Qc3 {[%clk 0:01:06]} 31. Qd1 {[%clk 0:00:17]}  Qa5 {[%clk 0:00:48]} 32. Qb3 {[%clk 0:00:15]}  h4 {[%clk 0:00:46]} 33. Nf1 {[%clk 0:00:11]}  Nxe4 {[%clk 0:00:46]} 34. Ra1 {[%clk 0:00:12]}  Qb5 {[%clk 0:00:46]} 35. Qa3 {[%clk 0:00:10]}  Nc3 {[%clk 0:00:37]} 36. Rac1 {[%clk 0:00:06]}  Ne2+ {[%clk 0:00:35]} 37. Rxe2 {[%clk 0:00:06]}  Rxc1 {[%clk 0:00:35]} 38. Rb2 {[%clk 0:00:04]}  Qxf1+ {[%clk 0:00:34]} 0-1

[Event "April 9 Late 2024"]
[Site "Chess.com"]
[Date "2024.04.09"]
[Round "4"]
[White "Schitco, Ivan"]
[Black "Ladan, Nicholas"]
[Result "1-0"]
[Board "51"]
[WhiteFideId "13905465"]
[BlackFideId "30918855"]
[WhiteTitle "GM"]
[WhiteElo "2791"]
[BlackElo "2564"]
[WhiteTeam "MDA"]
[BlackTeam "USA"]
[WhiteClock "0:00:20"]
[BlackClock "0:00:00"]
[Variant "Standard"]

1. c4 {[%clk 0:02:54]}  e5 {[%clk 0:02:59]} 2. Nc3 {[%clk 0:02:55]}  Nc6 {[%clk 0:02:59]} 3. Nf3 {[%clk 0:02:55]}  Bc5 {[%clk 0:02:59]} 4. e3 {[%clk 0:02:51]}  d6 {[%clk 0:02:59]} 5. d4 {[%clk 0:02:51]}  exd4 {[%clk 0:02:57]} 6. exd4 {[%clk 0:02:51]}  Bb6 {[%clk 0:02:57]} 7. h3 {[%clk 0:02:43]}  Nge7 {[%clk 0:02:56]} 8. Be3 {[%clk 0:02:36]}  Nf5 {[%clk 0:02:53]} 9. Bd3 {[%clk 0:02:22]}  Nfxd4 {[%clk 0:02:40]} 10. Bxd4 {[%clk 0:02:15]}  Nxd4 {[%clk 0:02:40]} 11. O-O {[%clk 0:02:12]}  Nxf3+ {[%clk 0:02:05]} 12. Qxf3 {[%clk 0:02:13]}  O-O {[%clk 0:02:04]} 13. Rad1 {[%clk 0:02:13]}  Be6 {[%clk 0:01:49]} 14. Qxb7 {[%clk 0:02:07]}  Qf6 {[%clk 0:01:32]} 15. Na4 {[%clk 0:01:37]}  Rab8 {[%clk 0:01:12]} 16. Qe4 {[%clk 0:01:34]}  g6 {[%clk 0:01:05]} 17. b3 {[%clk 0:01:19]}  Bd4 {[%clk 0:00:58]} 18. Be2 {[%clk 0:01:15]}  c5 {[%clk 0:00:54]} 19. Qf3 {[%clk 0:01:03]}  Qg7 {[%clk 0:00:40]} 20. Qc6 {[%clk 0:00:51]}  Rfd8 {[%clk 0:00:31]} 21. Bg4 {[%clk 0:00:50]}  Bxg4 {[%clk 0:00:24]} 22. hxg4 {[%clk 0:00:51]}  Qe5 {[%clk 0:00:20]} 23. Qf3 {[%clk 0:00:45]}  Re8 {[%clk 0:00:19]} 24. g3 {[%clk 0:00:45]}  Qe2 {[%clk 0:00:18]} 25. Kg2 {[%clk 0:00:31]}  Qxa2 {[%clk 0:00:17]} 26. Rd3 {[%clk 0:00:31]}  Re2 {[%clk 0:00:15]} 27. Nc3 {[%clk 0:00:28]}  Bxc3 {[%clk 0:00:11]} 28. Rxc3 {[%clk 0:00:29]}  Rbe8 {[%clk 0:00:11]} 29. Rd3 {[%clk 0:00:26]}  R2e6 {[%clk 0:00:08]} 30. Rfd1 {[%clk 0:00:23]}  Qa6 {[%clk 0:00:04]} 31. Rd5 {[%clk 0:00:21]}  Kg7 {[%clk 0:00:02]} 32. Rh1 {[%clk 0:00:21]}  Rf6 {[%clk 0:00:00]} 33. Qc3 {[%clk 0:00:20]} 1-0

[Event "April 9 Late 2024"]
[Site "Chess.com"]
[Date "2024.04.09"]
[Round "4"]
[White "Biastoch, Bennet"]
[Black "Brodsky, David"]
[Result "0-1"]
[Board "55"]
[WhiteFideId "12939889"]
[BlackFideId "2073250"]
[WhiteTitle "FM"]
[BlackTitle "GM"]
[WhiteElo "2555"]
[BlackElo "2780"]
[WhiteTeam "GER"]
[BlackTeam "USA"]
[WhiteClock "0:00:10"]
[BlackClock "0:00:05"]
[Variant "Standard"]

1. e4 {[%clk 0:03:00]}  c5 {[%clk 0:02:59]} 2. Nf3 {[%clk 0:03:01]}  e6 {[%clk 0:03:00]} 3. d4 {[%clk 0:03:01]}  cxd4 {[%clk 0:03:00]} 4. Nxd4 {[%clk 0:03:01]}  Nf6 {[%clk 0:03:01]} 5. Nc3 {[%clk 0:03:01]}  Nc6 {[%clk 0:03:02]} 6. Ndb5 {[%clk 0:03:01]}  Bc5 {[%clk 0:02:59]} 7. Nd6+ {[%clk 0:02:58]}  Ke7 {[%clk 0:02:56]} 8. Bf4 {[%clk 0:02:59]}  e5 {[%clk 0:02:56]} 9. Nf5+ {[%clk 0:02:59]}  Kf8 {[%clk 0:02:57]} 10. Bg5 {[%clk 0:03:00]}  d6 {[%clk 0:02:51]} 11. Ne3 {[%clk 0:02:55]}  h6 {[%clk 0:02:46]} 12. Bxf6 {[%clk 0:02:54]}  Qxf6 {[%clk 0:02:47]} 13. Qd2 {[%clk 0:02:51]}  Be6 {[%clk 0:02:41]} 14. Ncd5 {[%clk 0:02:48]}  Qh4 {[%clk 0:02:28]} 15. g3 {[%clk 0:02:42]}  Qxe4 {[%clk 0:02:22]} 16. Bg2 {[%clk 0:02:42]}  Qd4 {[%clk 0:02:17]} 17. Qe2 {[%clk 0:02:29]}  Qxb2 {[%clk 0:01:50]} 18. O-O {[%clk 0:02:27]}  Nd4 {[%clk 0:01:43]} 19. Qd3 {[%clk 0:02:11]}  Qa3 {[%clk 0:01:35]} 20. c3 {[%clk 0:02:04]}  Nc6 {[%clk 0:01:28]} 21. Rab1 {[%clk 0:01:52]}  Rb8 {[%clk 0:01:08]} 22. Nc7 {[%clk 0:01:42]}  Qa4 {[%clk 0:00:57]} 23. Nxe6+ {[%clk 0:01:36]}  fxe6 {[%clk 0:00:57]} 24. Qg6 {[%clk 0:01:31]}  Nd8 {[%clk 0:00:39]} 25. Kh1 {[%clk 0:01:15]}  Qe8 {[%clk 0:00:39]} 26. Qg4 {[%clk 0:01:15]}  Kg8 {[%clk 0:00:37]} 27. Nc4 {[%clk 0:01:09]}  Qa4 {[%clk 0:00:25]} 28. Rbd1 {[%clk 0:00:55]}  b5 {[%clk 0:00:13]} 29. Nxe5 {[%clk 0:00:37]}  Qxg4 {[%clk 0:00:14]} 30. Nxg4 {[%clk 0:00:37]}  h5 {[%clk 0:00:15]} 31. Ne3 {[%clk 0:00:37]}  h4 {[%clk 0:00:15]} 32. g4 {[%clk 0:00:36]}  Nf7 {[%clk 0:00:13]} 33. Nc2 {[%clk 0:00:34]}  h3 {[%clk 0:00:10]} 34. Be4 {[%clk 0:00:33]}  Ne5 {[%clk 0:00:11]} 35. f3 {[%clk 0:00:29]}  d5 {[%clk 0:00:11]} 36. Bd3 {[%clk 0:00:29]}  Rf8 {[%clk 0:00:11]} 37. Nd4 {[%clk 0:00:28]}  Bxd4 {[%clk 0:00:10]} 38. cxd4 {[%clk 0:00:29]}  Nxf3 {[%clk 0:00:06]} 39. Bxb5 {[%clk 0:00:26]}  Kh7 {[%clk 0:00:07]} 40. Bd3+ {[%clk 0:00:25]}  Kh6 {[%clk 0:00:07]} 41. Rf2 {[%clk 0:00:20]}  Nxd4 {[%clk 0:00:06]} 42. g5+ {[%clk 0:00:17]}  Kxg5 {[%clk 0:00:05]} 43. Rg1+ {[%clk 0:00:16]}  Kh4 {[%clk 0:00:05]} 44. Rb2 {[%clk 0:00:13]}  Rf3 {[%clk 0:00:05]} 45. Bg6 {[%clk 0:00:10]}  Rhf8 {[%clk 0:00:05]} 46. Rb4 {[%clk 0:00:10]}  R8f4 {[%clk 0:00:05]} 47. Rb8 {[%clk 0:00:10]}  Nf5 {[%clk 0:00:05]} 48. Rh8+ {[%clk 0:00:10]}  Nh6 {[%clk 0:00:05]} 49. Rh7 {[%clk 0:00:10]}  Rf1 {[%clk 0:00:05]} 50. Rxg7 {[%clk 0:00:11]}  Rxg1+ {[%clk 0:00:05]} 51. Kxg1 {[%clk 0:00:12]}  Rg4+ {[%clk 0:00:05]} 52. Kf2 {[%clk 0:00:11]}  Rg2+ {[%clk 0:00:05]} 53. Kf3 {[%clk 0:00:11]}  Rxh2 {[%clk 0:00:02]} 54. Bd3 {[%clk 0:00:09]}  Nf5 {[%clk 0:00:02]} 55. Rxa7 {[%clk 0:00:08]}  Nd4+ {[%clk 0:00:01]} 56. Kf4 {[%clk 0:00:08]}  Rf2+ {[%clk 0:00:01]} 57. Ke3 {[%clk 0:00:08]}  Rf3+ {[%clk 0:00:02]} 58. Kxd4 {[%clk 0:00:09]}  h2 {[%clk 0:00:03]} 59. Rh7+ {[%clk 0:00:09]}  Kg3 {[%clk 0:00:03]} 60. a4 {[%clk 0:00:09]}  e5+ {[%clk 0:00:04]} 61. Kxe5 {[%clk 0:00:09]}  Rxd3 {[%clk 0:00:04]} 62. a5 {[%clk 0:00:09]}  Ra3 {[%clk 0:00:04]} 63. Rg7+ {[%clk 0:00:09]}  Kf2 {[%clk 0:00:04]} 64. Rf7+ {[%clk 0:00:09]}  Kg2 {[%clk 0:00:05]} 65. Rg7+ {[%clk 0:00:10]}  Rg3 {[%clk 0:00:04]} 66. Rh7 {[%clk 0:00:10]}  Rh3 {[%clk 0:00:05]} 67. Rg7+ {[%clk 0:00:10]}  Kf2 {[%clk 0:00:05]} 68. Rf7+ {[%clk 0:00:10]}  Ke2 {[%clk 0:00:05]} 69. Kxd5 {[%clk 0:00:10]}  h1=Q+ {[%clk 0:00:06]} 70. Kc5 {[%clk 0:00:09]}  Rh5+ {[%clk 0:00:05]} 71. Kb6 {[%clk 0:00:09]}  Qb1+ {[%clk 0:00:05]} 72. Ka7 {[%clk 0:00:10]}  Rxa5# {[%clk 0:00:05]} 0-1

[Event "April 9 Late 2024"]
[Site "Chess.com"]
[Date "2024.04.09"]
[Round "4"]
[White "Kosteniuk, Alexandra"]
[Black "Senthilkumar, Pranav"]
[Result "1/2-1/2"]
[Board "63"]
[WhiteFideId "4128125"]
[BlackFideId "2083477"]
[WhiteTitle "GM"]
[BlackTitle "CM"]
[WhiteElo "2766"]
[BlackElo "2522"]
[WhiteTeam "SUI"]
[BlackTeam "USA"]
[WhiteClock "0:00:37"]
[BlackClock "0:00:31"]
[Variant "Standard"]

1. e4 {[%clk 0:03:00]}  c5 {[%clk 0:02:55]} 2. d4 {[%clk 0:03:01]}  cxd4 {[%clk 0:02:53]} 3. c3 {[%clk 0:03:01]}  Nf6 {[%clk 0:02:43]} 4. e5 {[%clk 0:03:00]}  Nd5 {[%clk 0:02:42]} 5. Nf3 {[%clk 0:03:01]}  d6 {[%clk 0:02:41]} 6. cxd4 {[%clk 0:02:53]}  Nc6 {[%clk 0:02:39]} 7. Bc4 {[%clk 0:02:49]}  Nb6 {[%clk 0:02:21]} 8. Bb5 {[%clk 0:02:49]}  e6 {[%clk 0:02:18]} 9. O-O {[%clk 0:02:46]}  Be7 {[%clk 0:02:16]} 10. Qc2 {[%clk 0:02:43]}  O-O {[%clk 0:02:15]} 11. Bf4 {[%clk 0:02:32]}  Bd7 {[%clk 0:02:15]} 12. exd6 {[%clk 0:02:32]}  Bf6 {[%clk 0:02:14]} 13. Rd1 {[%clk 0:02:16]}  Nd5 {[%clk 0:02:06]} 14. Bxc6 {[%clk 0:01:58]}  Rc8 {[%clk 0:01:32]} 15. Be5 {[%clk 0:01:54]}  Bxc6 {[%clk 0:01:29]} 16. Qb3 {[%clk 0:01:52]}  Nb6 {[%clk 0:01:23]} 17. Qd3 {[%clk 0:01:44]}  Nc4 {[%clk 0:01:17]} 18. Qe2 {[%clk 0:01:29]}  Nxd6 {[%clk 0:01:12]} 19. Nc3 {[%clk 0:01:27]}  Nf5 {[%clk 0:01:03]} 20. d5 {[%clk 0:01:06]}  exd5 {[%clk 0:00:59]} 21. Bxf6 {[%clk 0:01:06]}  Qxf6 {[%clk 0:00:59]} 22. Nxd5 {[%clk 0:01:07]}  Bxd5 {[%clk 0:00:50]} 23. Rxd5 {[%clk 0:01:07]}  Rfe8 {[%clk 0:00:50]} 24. Qd2 {[%clk 0:01:07]}  Nh4 {[%clk 0:00:42]} 25. Nxh4 {[%clk 0:01:06]}  Qxh4 {[%clk 0:00:43]} 26. Rd1 {[%clk 0:01:04]}  Qa4 {[%clk 0:00:41]} 27. b3 {[%clk 0:01:03]}  Qc6 {[%clk 0:00:40]} 28. h4 {[%clk 0:01:02]}  h6 {[%clk 0:00:39]} 29. Rd4 {[%clk 0:00:54]}  Re4 {[%clk 0:00:33]} 30. g3 {[%clk 0:00:44]}  Rce8 {[%clk 0:00:30]} 31. Rxe4 {[%clk 0:00:37]}  Qxe4 {[%clk 0:00:31]} 1/2-1/2

[Event "April 9 Late 2024"]
[Site "Chess.com"]
[Date "2024.04.09"]
[Round "4"]
[White "Silva, Luca"]
[Black "Gabrielian, Artur"]
[Result "0-1"]
[Board "64"]
[WhiteFideId "147370"]
[BlackFideId "4131002"]
[WhiteTitle "FM"]
[BlackTitle "GM"]
[WhiteElo "2521"]
[BlackElo "2766"]
[WhiteTeam "ARG"]
[BlackTeam "RUS"]
[WhiteClock "0:00:00"]
[BlackClock "0:00:07"]
[Variant "Standard"]

1. d4 {[%clk 0:03:00]}  Nf6 {[%clk 0:02:59]} 2. c4 {[%clk 0:03:01]}  c5 {[%clk 0:02:59]} 3. d5 {[%clk 0:03:01]}  e6 {[%clk 0:03:00]} 4. Nc3 {[%clk 0:03:01]}  exd5 {[%clk 0:03:00]} 5. cxd5 {[%clk 0:03:02]}  d6 {[%clk 0:03:01]} 6. e4 {[%clk 0:03:03]}  g6 {[%clk 0:03:02]} 7. Be2 {[%clk 0:03:01]}  Bg7 {[%clk 0:03:02]} 8. Nf3 {[%clk 0:03:01]}  O-O {[%clk 0:03:01]} 9. Be3 {[%clk 0:03:00]}  b5 {[%clk 0:02:58]} 10. Bxb5 {[%clk 0:02:50]}  Nxe4 {[%clk 0:02:56]} 11. Nxe4 {[%clk 0:02:46]}  Qa5+ {[%clk 0:02:55]} 12. Nfd2 {[%clk 0:02:47]}  Qxb5 {[%clk 0:02:53]} 13. Nxd6 {[%clk 0:02:45]}  Qxb2 {[%clk 0:02:35]} 14. Rb1 {[%clk 0:02:40]}  Qxa2 {[%clk 0:02:34]} 15. O-O {[%clk 0:02:19]}  Ba6 {[%clk 0:02:19]} 16. Re1 {[%clk 0:02:08]}  Qxd5 {[%clk 0:02:18]} 17. N2e4 {[%clk 0:02:04]}  Qxd1 {[%clk 0:01:48]} 18. Rexd1 {[%clk 0:02:05]}  c4 {[%clk 0:01:48]} 19. Rdc1 {[%clk 0:02:04]}  Nd7 {[%clk 0:01:39]} 20. Nxc4 {[%clk 0:02:01]}  Rfc8 {[%clk 0:01:29]} 21. Ncd6 {[%clk 0:02:00]}  Rxc1+ {[%clk 0:01:29]} 22. Rxc1 {[%clk 0:02:00]}  Ne5 {[%clk 0:01:21]} 23. h3 {[%clk 0:01:54]}  Bd3 {[%clk 0:01:19]} 24. Nc5 {[%clk 0:01:37]}  Bf8 {[%clk 0:01:12]} 25. Nde4 {[%clk 0:01:25]}  Bg7 {[%clk 0:00:59]} 26. f4 {[%clk 0:00:57]}  Bxe4 {[%clk 0:00:58]} 27. Nxe4 {[%clk 0:00:58]}  Nd3 {[%clk 0:00:56]} 28. Rd1 {[%clk 0:00:54]}  Nb2 {[%clk 0:00:51]} 29. Ra1 {[%clk 0:00:41]}  a5 {[%clk 0:00:45]} 30. Ra2 {[%clk 0:00:41]}  a4 {[%clk 0:00:39]} 31. Bc5 {[%clk 0:00:34]}  Nd3 {[%clk 0:00:36]} 32. Bd6 {[%clk 0:00:30]}  f5 {[%clk 0:00:34]} 33. Nd2 {[%clk 0:00:22]}  Bd4+ {[%clk 0:00:29]} 34. Kh2 {[%clk 0:00:22]}  Be3 {[%clk 0:00:23]} 35. g3 {[%clk 0:00:18]}  Nc1 {[%clk 0:00:23]} 36. Rc2 {[%clk 0:00:17]}  Bxd2 {[%clk 0:00:11]} 37. Rxd2 {[%clk 0:00:18]}  Nb3 {[%clk 0:00:10]} 38. Ra2 {[%clk 0:00:17]}  Kf7 {[%clk 0:00:10]} 39. Kg2 {[%clk 0:00:16]}  Ke6 {[%clk 0:00:11]} 40. Bb4 {[%clk 0:00:16]}  Kd5 {[%clk 0:00:11]} 41. Kf3 {[%clk 0:00:16]}  Kc4 {[%clk 0:00:12]} 42. Be7 {[%clk 0:00:16]}  Kd3 {[%clk 0:00:11]} 43. g4 {[%clk 0:00:16]}  Nd4+ {[%clk 0:00:11]} 44. Kg3 {[%clk 0:00:15]}  Ne2+ {[%clk 0:00:11]} 45. Kh4 {[%clk 0:00:15]}  Nc3 {[%clk 0:00:11]} 46. Ra1 {[%clk 0:00:14]}  Nd5 {[%clk 0:00:08]} 47. Bd6 {[%clk 0:00:13]}  Ne3 {[%clk 0:00:08]} 48. Kg5 {[%clk 0:00:10]}  Ra6 {[%clk 0:00:08]} 49. Bf8 {[%clk 0:00:10]}  fxg4 {[%clk 0:00:08]} 50. hxg4 {[%clk 0:00:11]}  Ra5+ {[%clk 0:00:07]} 51. Kh6 {[%clk 0:00:11]}  Nxg4+ {[%clk 0:00:06]} 52. Kxh7 {[%clk 0:00:11]}  Ra6 {[%clk 0:00:07]} 53. Kg7 {[%clk 0:00:06]}  Ne3 {[%clk 0:00:07]} 54. Be7 {[%clk 0:00:05]}  Nf5+ {[%clk 0:00:07]} 55. Kf7 {[%clk 0:00:05]}  Ra7 {[%clk 0:00:07]} 56. Kf6 {[%clk 0:00:05]}  Nxe7 {[%clk 0:00:08]} 57. Re1 {[%clk 0:00:00]}  a3 {[%clk 0:00:07]} 0-1

[Event "April 9 Late 2024"]
[Site "Chess.com"]
[Date "2024.04.09"]
[Round "4"]
[White "Shah Dev"]
[Black "Papasimakopoulos, Alexandros"]
[Result "0-1"]
[Board "68"]
[WhiteFideId "35019058"]
[BlackFideId "4244125"]
[WhiteTitle "CM"]
[BlackTitle "FM"]
[WhiteElo "2515"]
[BlackElo "2712"]
[WhiteTeam "IND"]
[BlackTeam "GRE"]
[WhiteClock "0:00:03"]
[BlackClock "0:00:12"]
[Variant "Standard"]

1. d4 {[%clk 0:02:57]}  Nf6 {[%clk 0:02:57]} 2. c4 {[%clk 0:02:57]}  e6 {[%clk 0:02:31]} 3. Nf3 {[%clk 0:02:53]}  Bb4+ {[%clk 0:02:28]} 4. Bd2 {[%clk 0:02:47]}  Qe7 {[%clk 0:02:27]} 5. g3 {[%clk 0:02:45]}  b6 {[%clk 0:02:26]} 6. Bg2 {[%clk 0:02:45]}  Nc6 {[%clk 0:02:27]} 7. O-O {[%clk 0:02:44]}  Bxd2 {[%clk 0:02:27]} 8. Nbxd2 {[%clk 0:02:39]}  Bb7 {[%clk 0:02:26]} 9. e4 {[%clk 0:02:28]}  e5 {[%clk 0:02:26]} 10. d5 {[%clk 0:02:21]}  Nb8 {[%clk 0:02:20]} 11. Ne1 {[%clk 0:02:14]}  d6 {[%clk 0:02:19]} 12. Nd3 {[%clk 0:02:12]}  O-O {[%clk 0:02:19]} 13. f4 {[%clk 0:02:09]}  Nbd7 {[%clk 0:02:19]} 14. b4 {[%clk 0:02:03]}  a5 {[%clk 0:02:19]} 15. a3 {[%clk 0:02:04]}  c6 {[%clk 0:02:13]} 16. Re1 {[%clk 0:01:52]}  axb4 {[%clk 0:02:10]} 17. axb4 {[%clk 0:01:51]}  Rxa1 {[%clk 0:02:11]} 18. Qxa1 {[%clk 0:01:51]}  Ra8 {[%clk 0:02:11]} 19. Qb2 {[%clk 0:01:39]}  b5 {[%clk 0:02:12]} 20. fxe5 {[%clk 0:01:25]}  dxe5 {[%clk 0:02:05]} 21. c5 {[%clk 0:01:23]}  cxd5 {[%clk 0:01:59]} 22. exd5 {[%clk 0:01:24]}  Bxd5 {[%clk 0:01:59]} 23. Nxe5 {[%clk 0:01:19]}  Bxg2 {[%clk 0:01:56]} 24. Kxg2 {[%clk 0:01:19]}  Qe6 {[%clk 0:01:45]} 25. Nef3 {[%clk 0:00:57]}  Qd5 {[%clk 0:01:37]} 26. Qc3 {[%clk 0:00:54]}  g5 {[%clk 0:01:26]} 27. c6 {[%clk 0:00:52]}  Rc8 {[%clk 0:00:46]} 28. cxd7 {[%clk 0:00:27]}  Rxc3 {[%clk 0:00:46]} 29. Re8+ {[%clk 0:00:25]}  Nxe8 {[%clk 0:00:46]} 30. dxe8=Q+ {[%clk 0:00:26]}  Kg7 {[%clk 0:00:47]} 31. h3 {[%clk 0:00:24]}  Rd3 {[%clk 0:00:40]} 32. Qe2 {[%clk 0:00:20]}  h5 {[%clk 0:00:40]} 33. g4 {[%clk 0:00:20]}  hxg4 {[%clk 0:00:37]} 34. hxg4 {[%clk 0:00:21]}  Rd4 {[%clk 0:00:34]} 35. Kh3 {[%clk 0:00:17]}  Rxb4 {[%clk 0:00:33]} 36. Nf1 {[%clk 0:00:16]}  Rf4 {[%clk 0:00:30]} 37. Nxg5 {[%clk 0:00:11]}  Qxg5 {[%clk 0:00:26]} 38. Ng3 {[%clk 0:00:11]}  Kh6 {[%clk 0:00:13]} 39. Qd1 {[%clk 0:00:04]}  b4 {[%clk 0:00:12]} 40. Nf5+ {[%clk 0:00:02]}  Rxf5 {[%clk 0:00:12]} 41. gxf5 {[%clk 0:00:03]}  Qh5+ {[%clk 0:00:12]} 42. Kg3 {[%clk 0:00:03]}  Qxd1 {[%clk 0:00:12]} 0-1

[Event "April 9 Late 2024"]
[Site "Chess.com"]
[Date "2024.04.09"]
[Round "4"]
[White "Domingo Nunez, Ruben"]
[Black "Mei, Austin"]
[Result "0-1"]
[Board "71"]
[WhiteFideId "22245570"]
[BlackFideId "30948479"]
[WhiteTitle "IM"]
[BlackTitle "FM"]
[WhiteElo "2680"]
[BlackElo "2502"]
[WhiteTeam "ESP"]
[BlackTeam "USA"]
[WhiteClock "0:01:15"]
[BlackClock "0:01:59"]
[Variant "Standard"]

1. Nc3 {[%clk 0:03:00]}  e5 {[%clk 0:02:59]} 2. e4 {[%clk 0:03:00]}  Nf6 {[%clk 0:02:58]} 3. Bc4 {[%clk 0:03:01]}  Nxe4 {[%clk 0:02:58]} 4. Qh5 {[%clk 0:02:55]}  Nd6 {[%clk 0:02:58]} 5. Bb3 {[%clk 0:02:53]}  Nc6 {[%clk 0:02:58]} 6. Nb5 {[%clk 0:02:52]}  g6 {[%clk 0:02:59]} 7. Qf3 {[%clk 0:02:40]}  f5 {[%clk 0:02:54]} 8. Qd5 {[%clk 0:02:34]}  Qe7 {[%clk 0:02:54]} 9. Nxc7+ {[%clk 0:02:33]}  Kd8 {[%clk 0:02:55]} 10. Nxa8 {[%clk 0:02:33]}  b6 {[%clk 0:02:55]} 11. Nf3 {[%clk 0:02:18]}  Bb7 {[%clk 0:02:54]} 12. O-O {[%clk 0:02:17]}  Nd4 {[%clk 0:02:49]} 13. Nxb6 {[%clk 0:02:00]}  axb6 {[%clk 0:02:44]} 14. Nxd4 {[%clk 0:01:48]}  Bxd5 {[%clk 0:02:43]} 15. Bxd5 {[%clk 0:01:48]}  exd4 {[%clk 0:02:44]} 16. a4 {[%clk 0:01:49]}  Qe5 {[%clk 0:02:38]} 17. Bf3 {[%clk 0:01:49]}  g5 {[%clk 0:02:32]} 18. g3 {[%clk 0:01:44]}  g4 {[%clk 0:02:27]} 19. Bg2 {[%clk 0:01:44]}  Bh6 {[%clk 0:02:24]} 20. b3 {[%clk 0:01:42]}  f4 {[%clk 0:02:22]} 21. Rd1 {[%clk 0:01:38]}  f3 {[%clk 0:02:21]} 22. Bf1 {[%clk 0:01:39]}  d3 {[%clk 0:02:18]} 23. c3 {[%clk 0:01:39]}  Qd5 {[%clk 0:02:01]} 24. c4 {[%clk 0:01:23]}  Qd4 {[%clk 0:02:00]} 25. Ra2 {[%clk 0:01:15]}  Ne4 {[%clk 0:01:59]} 0-1